000 00658nam a2200229 i 4500
001 C2-0334116
003 PPAK
005 20180728134005.0
008 151012s2014 xxka|||| ||||| | eng d
020 _a9781782094647
040 _aPPAK
_beng
_cPPAK
_erda
082 0 4 _a823
_223
090 0 0 _a823
_bTED
_dK
245 0 0 _aTeddy has an adventure and other toy stories
264 1 _aThaxted, Essex :
_bMiles Kelly Publishing ,
_c2014
300 _a40 pages :
_bcolour illustrations ;
_c28 cm
336 _2rdacontent
_atext
337 _2rdamedia
_aunmediated
338 _2rdacarrier
_avolume
650 1 0 _aChildren's stories, English.
942 _ddc
_cB
999 _c132616
_d132616